00597 2200169 4500245003800000020002200038250001700060100001900077650004300096005001900139260003800158041001400196084000800210300002500218500017500243336000900418 aAnimal FarmcOrwell, GeorgehText a978-602-291-282-8 aEd. 2 Cet. 3 aOrwell, George aFiksi Inggris (dalam Bahasa Indonesia) a20231011092633 aYogyakartabPenerit Bentangc2017 aIndonesia a823 aiv, 144 hlm. :c20.5 aSuatu mala ,Manjor ,si babi tua yang bijaksana,mengumpulkan para bintang di pertenakan untuk bercerita tentang mimpinya.Setelah sekian lama hidup di bahwa tirani manusia. atext